|
|
|
|
| LEADER |
00897nam a22002651a 4500 |
| 001 |
000036591 |
| 003 |
12886 |
| 005 |
20221205142710.0 |
| 008 |
160408s1981 000 |
| 082 |
|
|
|a 448
|b MI-H
|
| 100 |
|
|
|a Mitterand, Henri
|
| 245 |
|
0 |
|a Langue francaise 6e :
|b grammaire orthographe vocabilaire expression /
|c Henri Mitterand.
|
| 260 |
|
|
|c 1981
|a Pari :
|b Nathan.
|
| 300 |
|
|
|a 223tr. : ;
|c 26cm.
|
| 653 |
|
|
|a grammaire
|
| 653 |
|
|
|a orthographe
|a vocabilaire
|
| OWN |
|
|
|a LNN
|
| AVA |
|
|
|a UDN50
|b LNN
|c French
|d 448MI-H
|e available
|t Error 5001 Not defined in file expand_doc_bib_avail.
|f 1
|g 0
|h N
|i 0
|j PN
|
| 999 |
|
|
|a From the UDN01
|
| AVA |
|
|
|a UDN50
|b LNN
|c French
|d 448MI-H
|e available
|t Error 5001 Not defined in file expand_doc_bib_avail.
|f 1
|g 0
|h N
|i 0
|j PN
|
| TYP |
|
|
|a Monograph
|
| 980 |
|
|
|a Mạng thư viện Đại học Đà Nẵng
|